Cấu trúc cú pháp - Ngữ nghĩa của tục ngữ Việt : Theo hướng tiếp cận văn hoá - Ngôn ngữ học. t.I /
Enregistré dans:
| Auteur principal: | |
|---|---|
| Format: | Sách giấy |
| Langue: | Vietnamese |
| Publié: |
H. :
Khoa học Xã hội,
2015.
|
| Sujets: | |
| Tags: |
Ajouter un tag
Pas de tags, Soyez le premier à ajouter un tag!
|
| Thư viện lưu trữ: | Thư viện Trường Đại học Đà Lạt |
|---|
| LEADER | 01286nam a2200337 4500 | ||
|---|---|---|---|
| 001 | DLU160176150 | ||
| 005 | ##20160504 | ||
| 020 | # | # | |a 9786049028496 |
| 040 | # | # | |a DLU |b vie |
| 041 | # | # | |a vie |
| 044 | # | # | |a vn |
| 082 | # | # | |a 398.995 922 |b NG-T |
| 100 | # | # | |a Nguyễn Quý Thành. |
| 245 | # | # | |a Cấu trúc cú pháp - Ngữ nghĩa của tục ngữ Việt : |b Theo hướng tiếp cận văn hoá - Ngôn ngữ học. |n t.I / |c Nguyễn Quý Thành. |
| 260 | # | # | |a H. : |b Khoa học Xã hội, |c 2015. |
| 300 | # | # | |a 558 tr. ; |c 21 cm. |
| 504 | # | # | |a Tài liệu tham khảo: tr.247. |
| 505 | # | # | |a Chương 1. Xác định một hướng tiếp cận tục ngữ Việt -- Chương 2. Cấu trúc ngữ nghĩa và hình thái cú pháp tương ứng của tục ngữ Việt -- Chương 3. Các phạm trù ngữ nghĩa của tục ngữ Việt -- Chương 4. Thể nghiệm so sánh tục ngữ Việt với tục ngữ các dân tộc khác theo mệnh đề lô-gích - ngữ nghĩa. |
| 650 | # | # | |a Tục ngữ Việt Nam. |
| 923 | # | # | |a 07/2015 |
| 990 | # | # | |a t.I |
| 991 | # | # | |a SH |
| 992 | # | # | |a 22300 |
| 994 | # | # | |a DLU |
| 900 | # | # | |a True |
| 911 | # | # | |a Đào Thị Thu Huyền |
| 925 | # | # | |a G |
| 926 | # | # | |a A |
| 927 | # | # | |a SH |
| 980 | # | # | |a Thư viện Trường Đại học Đà Lạt |


